| 000 | 01303nam0a22003011 4500 | ||
|---|---|---|---|
| 001 | rc\4653905 | ||
| 005 | 20260407072706.0 | ||
| 021 |
_aRU _b[68-45678] |
||
| 035 | _a(NLR Aleph) 008692991 | ||
| 090 |
_a9250855 _c9250855 |
||
| 100 | _a20130416d1968 |||y0rusy50 ca | ||
| 101 | 0 | _arus | |
| 102 | _aRU | ||
| 105 | _ah z ||||| | ||
| 200 | 1 |
_aПалеографический альбом _eУчеб. сборник снимков с рукописей рус. документов XIII-XVIII вв. _fСост. В.А. Петрова _gПод ред. проф. С.В. Валка _g[Ленингр. ордена Ленина гос. ун-т им. А.А. Жданова] |
|
| 210 |
_a[Ленинград _cИзд-во Ленингр. ун-та _d1968] |
||
| 215 |
_a94 с. _cфакс. _d26 |
||
| 606 |
_aРусская палеография _jАльбомы _2psbo |
||
| 606 |
_aРукописи русские _z13-18 вв. _jАльбомы _2psbo |
||
| 702 | 1 |
_aПетрова _bВ.А. _4220 |
|
| 702 | 1 |
_4340 _7ca _8rus _aВалк _bС. Н. _f1887-1975 _gСигизмунд Натанович _9201426 _3RU\NLR\AUTH\770201477 |
|
| 712 | 0 | 2 |
_aЛГУ _3RU\NLR\AUTH\882128 _9274883 |
| 801 | 0 |
_aRU _bNLR _gpsbo |
|
| 801 | 1 |
_aRU _bELAR _2rusmarc |
|
| 852 |
_aNLR _j68-7/1221 |
||
| 942 | _cBOOK | ||
| 980 | _aNB | ||